[Event "XXII Festival A"]
[Site "Arco ITA"]
[Date "2000.10.29"]
[Round "9"]
[White "Scharrer, Patrick"]
[Black "Carli, Carlo"]
[Result "1/2-1/2"]
[WhiteElo "1825"]
[BlackElo "2117"]
[PlyCount "80"]
[EventDate "2000.10.21"]

1. e4 c5 2. Nf3 e6 3. d3 Nc6 4. g3 Nge7 5. Bg2 g6 6. Nbd2 Bg7 7. O-O O-O 8. Re1
d5 9. e5 Qc7 10. Qe2 Nd4 11. Nxd4 cxd4 12. Nf3 Nc6 13. Bf4 b5 14. h4 h5 15. Nh2
Nb4 16. a3 Nc6 17. g4 f6 18. gxh5 fxe5 19. Bg5 gxh5 20. Qxh5 Qf7 21. Qe2 Qg6
22. Ng4 Bd7 23. Kh2 Rf5 24. Rg1 Kf7 25. Bh3 Rh8 26. Rg3 Ke8 27. Rag1 Qh5 28.
R1g2 Nd8 29. Rf3 Nf7 30. Rxf5 exf5 31. Nf6+ Bxf6 32. Qxh5 Rxh5 33. Bxf6 Be6 34.
Rg8+ Kd7 35. Ra8 Rh6 36. Rxa7+ Ke8 37. Ra8+ Kd7 38. Ra7+ Ke8 39. Ra8+ Kd7 40.
Ra7+ Ke8 1/2-1/2

[Event "XXII Festival A"]
[Site "Arco ITA"]
[Date "2000.10.29"]
[Round "9"]
[White "Sprea, Giuseppe"]
[Black "Denes, Roberto"]
[Result "1-0"]
[WhiteElo "1930"]
[BlackElo "1498"]
[PlyCount "40"]
[EventDate "2000.10.21"]

1. d4 d5 2. c4 e6 3. cxd5 exd5 4. Nc3 Nf6 5. Bg5 Bb4 6. e3 O-O 7. Bd3 Qd6 8.
Qc2 g6 9. Nge2 Nh5 10. O-O f5 11. Nb5 Qc6 12. Nxc7 Qxc2 13. Bxc2 Bd6 14. Nxa8
Be6 15. Bb3 Nc6 16. Nc3 Rxa8 17. Bxd5 Bxd5 18. Nxd5 Kf7 19. a3 Ke6 20. Nc3 a6
1-0

[Event "XXII Festival A"]
[Site "Arco ITA"]
[Date "2000.10.29"]
[Round "9"]
[White "Tomescu, Vlad"]
[Black "Rigo, Janos"]
[Result "1/2-1/2"]
[WhiteElo "2432"]
[BlackElo "2309"]
[PlyCount "150"]
[EventDate "2000.10.21"]

1. e4 c5 2. Nf3 d6 3. d4 cxd4 4. Nxd4 Nf6 5. Nc3 g6 6. Be3 Bg7 7. f3 Nc6 8. Qd2
O-O 9. O-O-O Be6 10. h4 Nxd4 11. Bxd4 Qa5 12. Kb1 Rfc8 13. a3 h5 14. Bxf6 Bxf6
15. Nd5 Qc5 16. Nxf6+ exf6 17. Bd3 Kg7 18. Qb4 Qe5 19. Rdf1 a5 20. Qd2 Qd4 21.
Qf2 Qc5 22. Qxc5 dxc5 23. Bb5 Rd8 24. Rd1 f5 25. e5 f4 26. Kc1 f6 27. Rhe1 Kf7
28. Bd3 f5 29. Bb5 Ke7 30. Rg1 Rxd1+ 31. Rxd1 Rd8 32. Rd6 Rxd6 33. exd6+ Kxd6
34. Be8 Bc4 35. Bxg6 Bf1 36. Kd2 Bxg2 37. Ke2 Bh3 38. Bxh5 Ke7 39. Kf2 b5 40.
Kg1 b4 41. Bg6 Kf8 42. c3 bxc3 43. bxc3 Ke7 44. Kf2 Kf8 45. Ke2 Ke7 46. Ke1 Kf8
47. Kf2 Ke7 48. a4 Kf8 49. Kg1 Ke7 50. h5 Kf6 51. Be8 Kg5 52. Bb5 Kxh5 53. Kh2
Kh4 54. Bc4 Bg4 55. fxg4 fxg4 56. Kg2 Kg5 57. Be6 Kh4 58. Kf2 Kh3 59. Bd7 Kh4
60. Ke2 Kg3 61. Bc6 Kh2 62. Bb7 Kg3 63. Kd3 Kf2 64. Ke4 f3 65. Kf4 Ke1 66. Kxg4
f2 67. Ba6 f1=Q 68. Bxf1 Kxf1 69. Kf3 Ke1 70. Ke3 Kd1 71. Kd3 Kc1 72. Kc4 Kc2
73. Kxc5 Kxc3 74. Kb5 Kd4 75. Kxa5 Kc5 1/2-1/2

[Event "XXII Festival A"]
[Site "Arco ITA"]
[Date "2000.10.29"]
[Round "9"]
[White "Tukmakov, Vladimir B."]
[Black "Gofshtein, Leonid D."]
[Result "1/2-1/2"]
[WhiteElo "2582"]
[BlackElo "2561"]
[PlyCount "25"]
[EventDate "2000.10.21"]

1. d4 Nf6 2. Nf3 e6 3. c4 b6 4. g3 Ba6 5. b3 Bb4+ 6. Bd2 Be7 7. Bg2 c6 8. Bc3
d5 9. Ne5 Nfd7 10. Nxd7 Nxd7 11. Nd2 O-O 12. O-O Nf6 13. e4 1/2-1/2